| 000 | 00476nam a22001457a 4500 | ||
|---|---|---|---|
| 003 | SGT | ||
| 082 |
_a617.84 _bE24N |
||
| 100 | _aNISHA | ||
| 245 | _aEFFECT OF AEROBIC EXERCISE VERSUS RESISTANCE TRAINING ON ABDOMINAL STRENGTH, SEXUAL DYSFUNCTION, PAIN AND MENSTRUAL PARAMETERS IN WOMEN WITH CESAREAN SECTION DELIVERY SUFFERING FROM PRIMARY DYSMENORRHEA | ||
| 260 |
_aGURUGRAM _bSGT UNIVERSITY _c2024 |
||
| 300 | _a105 | ||
| 650 | _aSPORTS | ||
| 653 | _aMPT | ||
| 942 |
_2ddc _cTH |
||
| 999 |
_c32202 _d32202 |
||